[Event "Quebec op U2000"]
[Site "Montreal CAN"]
[Date "2001.07.26"]
[Round "7"]
[White "Tremblay, Alain"]
[Black "Petit, Raymond"]
[Result "1/2-1/2"]
[WhiteElo "1929"]
[BlackElo "1803"]
[PlyCount "106"]
[GameId "2160767911563924"]
[EventDate "2001.07.21"]
[EventType "swiss"]
[EventRounds "9"]
[EventCountry "CAN"]
[SourceTitle "EXT 2022"]
[Source "ChessBase"]
[SourceDate "2021.10.06"]
[SourceVersion "1"]
[SourceVersionDate "2021.10.06"]
[SourceQuality "1"]

1. e4 e6 2. d4 d5 3. Nc3 Nf6 4. e5 Nfd7 5. f4 c5 6. Nf3 Nc6 7. Be3 Qb6 8. Qd2 cxd4 9. Nxd4 Nxd4 10. Bxd4 Qa5 11. Nb5 Qxd2+ 12. Kxd2 Kd8 13. Nxa7 Kc7 14. Nb5+ Kc6 15. Nc3 b6 16. Bb5+ Kc7 17. Rhf1 g6 18. Rf3 Nc5 19. Bd3 Bd7 20. a3 Nxd3 21. cxd3 Kb7 22. Rff1 Be7 23. Rfc1 Rhc8 24. Ne2 Rxc1 25. Rxc1 Bb5 26. Nc3 Bd7 27. Ne2 Bb5 28. Be3 Bd7 29. Nd4 Bc5 30. Nf3 Be7 31. g4 Rh8 32. Ng5 Be8 33. Rf1 h6 34. Nf3 Bd7 35. Nd4 h5 36. h3 hxg4 37. hxg4 Rh2+ 38. Kc3 Rh3 39. Kd2 Rh2+ 40. Kc3 Rh3 41. Bd2 Bc5 42. b4 Bxd4+ 43. Kxd4 Rxd3+ 44. Kxd3 Bb5+ 45. Ke3 Bxf1 46. a4 Bc4 47. Bc3 Bb3 48. a5 bxa5 49. bxa5 Bd1 50. g5 Ka6 51. Kd4 Kb5 52. a6 Kxa6 53. Kc5 Bc2 1/2-1/2

[Event "Quebec op U2000"]
[Site "Montreal CAN"]
[Date "2001.07.27"]
[Round "8"]
[White "Balogh, Alex"]
[Black "Gebhardt, David"]
[Result "0-1"]
[WhiteElo "1840"]
[BlackElo "1851"]
[PlyCount "36"]
[GameId "2160767911563925"]
[EventDate "2001.07.21"]
[EventType "swiss"]
[EventRounds "9"]
[EventCountry "CAN"]
[SourceTitle "EXT 2022"]
[Source "ChessBase"]
[SourceDate "2021.10.06"]
[SourceVersion "1"]
[SourceVersionDate "2021.10.06"]
[SourceQuality "1"]

1. d4 Nf6 2. c4 c5 3. d5 b5 4. cxb5 a6 5. bxa6 Bxa6 6. g3 d6 7. Bg2 g6 8. b3 Bg7 9. Bb2 Qa5+ 10. Bc3 Qb6 11. Nh3 O-O 12. O-O Nbd7 13. Re1 Rab8 14. Nd2 e6 15. dxe6 fxe6 16. Nf3 e5 17. Rb1 Bb7 18. Qd2 Ne4 0-1

[Event "Quebec op U2000"]
[Site "Montreal CAN"]
[Date "2001.07.27"]
[Round "8"]
[White "Cardin, Guillaume"]
[Black "Metivier, Nicolas"]
[Result "0-1"]
[WhiteElo "1879"]
[BlackElo "1941"]
[PlyCount "96"]
[GameId "2160767911563926"]
[EventDate "2001.07.21"]
[EventType "swiss"]
[EventRounds "9"]
[EventCountry "CAN"]
[SourceTitle "EXT 2022"]
[Source "ChessBase"]
[SourceDate "2021.10.06"]
[SourceVersion "1"]
[SourceVersionDate "2021.10.06"]
[SourceQuality "1"]

1. e4 c5 2. Nf3 d6 3. d4 cxd4 4. Nxd4 Nf6 5. Nc3 a6 6. Bg5 e6 7. f4 b5 8. e5 dxe5 9. fxe5 Qc7 10. Qe2 Nfd7 11. O-O-O Nc6 12. Qg4 Nxd4 13. Rxd4 Bc5 14. Rd1 Qxe5 15. Be2 Be3+ 16. Bxe3 Qxe3+ 17. Kb1 O-O 18. Rd3 Qe5 19. Qh4 f5 20. Rhd1 Nc5 21. Rh3 h6 22. Qe7 Bb7 23. b4 Na4 24. Nxa4 Qxe2 25. Rd7 Qe1+ 26. Kb2 Qe5+ 27. Nc3 Bc6 28. Re3 Qf6 29. Qxf6 Rxf6 30. Rd6 Bxg2 31. Rexe6 Rxe6 32. Rxe6 Kf7 33. Re2 Bc6 34. Rf2 Kf6 35. Ne2 g5 36. Nd4 Be4 37. a4 bxa4 38. Ka3 h5 39. Kxa4 g4 40. c3 h4 41. Ne2 Rg8 42. Ng1 g3 43. hxg3 Rxg3 44. Ne2 Rg2 45. Rxg2 Bxg2 46. Kb3 h3 47. Ng3 h2 48. c4 f4 0-1

[Event "Quebec op U2000"]
[Site "Montreal CAN"]
[Date "2001.07.27"]
[Round "8"]
[White "Malafarina, Luc"]
[Black "Dion, Jean-Francois"]
[Result "0-1"]
[WhiteElo "1535"]
[BlackElo "1798"]
[PlyCount "82"]
[GameId "2160767911563929"]
[EventDate "2001.07.21"]
[EventType "swiss"]
[EventRounds "9"]
[EventCountry "CAN"]
[SourceTitle "EXT 2022"]
[Source "ChessBase"]
[SourceDate "2021.10.06"]
[SourceVersion "1"]
[SourceVersionDate "2021.10.06"]
[SourceQuality "1"]

1. e4 d6 2. d4 Nf6 3. Nc3 c6 4. Bc4 Qa5 5. h3 Nxe4 6. Nge2 d5 7. Bb3 g6 8. O-O Nf6 9. Bf4 Bg7 10. Rb1 O-O 11. a4 Nbd7 12. Ba2 Nh5 13. b4 Qd8 14. Bh2 e5 15. dxe5 Nxe5 16. b5 Qh4 17. Nd4 Nf4 18. Bg3 Nxh3+ 19. gxh3 Qxh3 20. Nxd5 cxd5 21. Bxd5 Bg4 22. Bg2 Qh5 23. f3 Bh3 24. Rb4 Rad8 25. Qe2 Rxd4 26. Rxd4 Nxf3+ 27. Bxf3 Bxd4+ 28. Rf2 Qg5 29. Kh2 Bxf2 30. Qxf2 Bc8 31. Bh4 Qf4+ 32. Bg3 Qxa4 33. Bd5 Bf5 34. Bb3 Qe4 35. Qd2 Re8 36. Kg1 Qf3 37. Bf4 Qg4+ 38. Kf1 Qf3+ 39. Kg1 Bh3 40. Bc4 Qg4+ 41. Kf2 Qg2# 0-1

[Event "Quebec op U2000"]
[Site "Montreal CAN"]
[Date "2001.07.27"]
[Round "8"]
[White "Marghetis, Aris"]
[Black "Saint James, Sonny"]
[Result "1-0"]
[WhiteElo "1905"]
[BlackElo "2013"]
[PlyCount "57"]
[GameId "2160767911563930"]
[EventDate "2001.07.21"]
[EventType "swiss"]
[EventRounds "9"]
[EventCountry "CAN"]
[SourceTitle "EXT 2022"]
[Source "ChessBase"]
[SourceDate "2021.10.06"]
[SourceVersion "1"]
[SourceVersionDate "2021.10.06"]
[SourceQuality "1"]

1. e4 c5 2. Nc3 Nc6 3. g3 d6 4. Bg2 Nf6 5. d3 e5 6. Be3 Be7 7. Qd2 Rb8 8. Nf3 Nd4 9. Ng1 b5 10. Nd1 O-O 11. c3 Nc6 12. Ne2 Ng4 13. O-O f5 14. exf5 d5 15. h3 Nf6 16. g4 Rb6 17. d4 cxd4 18. cxd4 e4 19. f3 h5 20. Nf4 hxg4 21. hxg4 exf3 22. Bxf3 Ne4 23. Bxe4 dxe4 24. Ng6 Rf6 25. Nc3 Rd6 26. Nxe4 Rd7 27. Qh2 Nxd4 28. Qh8+ Kf7 29. Ne5# 1-0

[Event "Quebec op U2000"]
[Site "Montreal CAN"]
[Date "2001.07.27"]
[Round "8"]
[White "Perreault, Jacquelin"]
[Black "Simard, Francois"]
[Result "1-0"]
[WhiteElo "1920"]
[BlackElo "1835"]
[PlyCount "69"]
[GameId "2160767911563931"]
[EventDate "2001.07.21"]
[EventType "swiss"]
[EventRounds "9"]
[EventCountry "CAN"]
[SourceTitle "EXT 2022"]
[Source "ChessBase"]
[SourceDate "2021.10.06"]
[SourceVersion "1"]
[SourceVersionDate "2021.10.06"]
[SourceQuality "1"]

1. e4 c5 2. Nf3 d6 3. d4 cxd4 4. Nxd4 Nf6 5. Nc3 e6 6. g4 h6 7. h4 e5 8. Nf5 g6 9. Ne3 h5 10. g5 Nh7 11. Ned5 f6 12. gxf6 Bg4 13. Be2 Be6 14. Bc4 Kf7 15. Bb3 Nd7 16. Be3 Ndxf6 17. f3 Be7 18. Nxe7 Qxe7 19. Qd2 Rhd8 20. Nd5 Nxd5 21. Bxd5 Rd7 22. O-O-O Bxd5 23. Qxd5+ Qe6 24. Kb1 Qxd5 25. Rxd5 b6 26. Rhd1 Rad8 27. c4 Ke6 28. b4 Kf6 29. c5 bxc5 30. bxc5 g5 31. c6 Rb8+ 32. Ka1 Rg7 33. Rxd6+ Kf7 34. Rd7+ Kg6 35. R1d6+ 1-0

[Event "Quebec op U2000"]
[Site "Montreal CAN"]
[Date "2001.07.27"]
[Round "8"]
[White "Ramaswamy, Kiran"]
[Black "Lezaic, Jovan"]
[Result "0-1"]
[WhiteElo "1880"]
[BlackElo "1983"]
[PlyCount "150"]
[GameId "2160767911563932"]
[EventDate "2001.07.21"]
[EventType "swiss"]
[EventRounds "9"]
[EventCountry "CAN"]
[SourceTitle "EXT 2022"]
[Source "ChessBase"]
[SourceDate "2021.10.06"]
[SourceVersion "1"]
[SourceVersionDate "2021.10.06"]
[SourceQuality "1"]

1. c4 f5 2. g3 g6 3. Bg2 Bg7 4. Nc3 Nf6 5. Nf3 d6 6. O-O e5 7. d3 O-O 8. Nd5 Nxd5 9. cxd5 c5 10. Bg5 Qb6 11. Nd2 h6 12. Be7 Qc7 13. Bxf8 Bxf8 14. Rb1 Na6 15. a3 Bd7 16. Qc2 Rc8 17. Rfc1 Qd8 18. Qd1 h5 19. h4 Bh6 20. e3 Qe8 21. b3 Qe7 22. Rc2 Rf8 23. Qe2 Re8 24. Re1 Qf8 25. Qd1 Nc7 26. f4 exf4 27. exf4 Nb5 28. Nf3 Nxa3 29. Rce2 Nb5 30. Rxe8 Bxe8 31. Qe2 Bf7 32. Ng5 Bxg5 33. hxg5 Qg7 34. Qe7 Qd4+ 35. Kh2 h4 36. Qe3 hxg3+ 37. Kxg3 Qc3 38. Rh1 Kf8 39. Rh7 Nc7 40. Kh2 Qb2 41. Qh3 Qd4 42. Qh6+ Kg8 43. Qh4 b5 44. Rh6 a5 45. Qe1 Qxf4+ 46. Kh1 Qxg5 47. Rh3 Ne8 48. Qxa5 b4 49. Qa1 Qf6 50. Qe1 Nc7 51. Kh2 Kf8 52. Qg3 Nb5 53. Qf2 Qe5+ 54. Kh1 Qf6 55. Qa2 Na3 56. Qd2 g5 57. Rh7 Kg8 58. Rh3 Kg7 59. d4 g4 60. Rh2 cxd4 61. Qxb4 Qe5 62. Qd2 Qe3 63. Qxe3 dxe3 64. Kg1 Kf6 65. Kf1 Nc2 66. Ke2 f4 67. Kd3 Nb4+ 68. Ke2 Bg6 69. Rh8 Bd3+ 70. Kd1 e2+ 71. Kd2 Nc2 72. Re8 e1=Q+ 73. Rxe1 Nxe1 74. Kxe1 Ke5 75. b4 f3 0-1

[Event "Quebec op U2000"]
[Site "Montreal CAN"]
[Date "2001.07.27"]
[Round "8"]
[White "Ramaswamy, Kishor"]
[Black "Ross Latour, Jeremie"]
[Result "1/2-1/2"]
[WhiteElo "1847"]
[BlackElo "1676"]
[PlyCount "84"]
[GameId "2160767911563933"]
[EventDate "2001.07.21"]
[EventType "swiss"]
[EventRounds "9"]
[EventCountry "CAN"]
[SourceTitle "EXT 2022"]
[Source "ChessBase"]
[SourceDate "2021.10.06"]
[SourceVersion "1"]
[SourceVersionDate "2021.10.06"]
[SourceQuality "1"]

1. d4 d5 2. Nf3 Nf6 3. Bf4 c6 4. Nbd2 Bf5 5. c3 h6 6. h3 e6 7. e3 c5 8. Ne5 Nc6 9. Ndf3 Nd7 10. Nxd7 Qxd7 11. Bb5 Qd8 12. Ne5 Qb6 13. Qa4 Rc8 14. c4 f6 15. Nxc6 bxc6 16. Ba6 Rd8 17. O-O Kf7 18. a3 Bd3 19. Rfd1 dxc4 20. Bxc4 Bxc4 21. Qxc4 Rd5 22. Rac1 Be7 23. e4 Rxd4 24. Rxd4 cxd4 25. Qxc6 Qxb2 26. Qd7 Qxa3 27. Rc7 e5 28. Qd5+ Kg6 29. Qe6 Qd6 30. Qxe7 Qxe7 31. Rxe7 exf4 32. Rxa7 Rd8 33. Kf1 d3 34. Ke1 d2+ 35. Kd1 h5 36. h4 Kh6 37. Ra2 f3 38. g3 Rd4 39. Rxd2 Rxe4 40. Rd3 g5 41. hxg5+ fxg5 42. Rxf3 h4 1/2-1/2

[Event "Quebec op U2000"]
[Site "Montreal CAN"]
[Date "2001.07.27"]
[Round "8"]
[White "Robidas, Francois"]
[Black "Cloutier, Mario"]
[Result "0-1"]
[WhiteElo "1880"]
[BlackElo "1984"]
[PlyCount "70"]
[GameId "2160767911563934"]
[EventDate "2001.07.21"]
[EventType "swiss"]
[EventRounds "9"]
[EventCountry "CAN"]
[SourceTitle "EXT 2022"]
[Source "ChessBase"]
[SourceDate "2021.10.06"]
[SourceVersion "1"]
[SourceVersionDate "2021.10.06"]
[SourceQuality "1"]

1. e4 e5 2. Nf3 Nc6 3. Bb5 a6 4. Bxc6 dxc6 5. O-O f6 6. d4 Bg4 7. dxe5 Qxd1 8. Rxd1 fxe5 9. Rd3 Bd6 10. Nbd2 b5 11. b3 Ne7 12. Bb2 Ng6 13. g3 O-O 14. Kg2 h6 15. h4 Rf7 16. Nh2 Bh5 17. f3 Nf8 18. Ndf1 Ne6 19. Ne3 Nc5 20. Rd2 Bg6 21. Nhg4 Re8 22. Rf1 h5 23. Nf2 Ref8 24. Nh3 Ne6 25. Ng1 Bc5 26. Rd3 Bd4 27. Bxd4 exd4 28. Nf5 Bxf5 29. exf5 Rxf5 30. Re1 R5f6 31. f4 c5 32. Nf3 c4 33. bxc4 bxc4 34. Ra3 c5 35. Rxa6 Nxf4+ 0-1

[Event "Quebec op U2000"]
[Site "Montreal CAN"]
[Date "2001.07.27"]
[Round "8"]
[White "Tremblay, Alain"]
[Black "Gilbert, Erick"]
[Result "1-0"]
[WhiteElo "1929"]
[BlackElo "1851"]
[PlyCount "83"]
[GameId "2160767911563935"]
[EventDate "2001.07.21"]
[EventType "swiss"]
[EventRounds "9"]
[EventCountry "CAN"]
[SourceTitle "EXT 2022"]
[Source "ChessBase"]
[SourceDate "2021.10.06"]
[SourceVersion "1"]
[SourceVersionDate "2021.10.06"]
[SourceQuality "1"]

1. e4 d6 2. d4 g6 3. Nc3 Bg7 4. f4 Nf6 5. Nf3 O-O 6. Bd3 Nc6 7. d5 Nb4 8. Be2 a5 9. a3 Na6 10. Be3 c6 11. O-O Bd7 12. Nd4 Nc5 13. Bf3 Qc8 14. h3 cxd5 15. e5 Ne8 16. Nxd5 Qd8 17. b4 dxe5 18. fxe5 Ne6 19. Nxe6 Bxe6 20. Bc5 Bxd5 21. Qxd5 Qxd5 22. Bxd5 Bxe5 23. Rae1 Bd6 24. Bxd6 Nxd6 25. Rxe7 Nf5 26. Rxb7 axb4 27. axb4 Ne3 28. Rfxf7 Rxf7 29. Bxf7+ Kf8 30. Bb3 Ra1+ 31. Kf2 Nf5 32. g4 Nd4 33. Rf7+ Ke8 34. Rg7 Nxb3 35. cxb3 Ra6 36. Kg2 Rb6 37. Rc7 Rxb4 38. Rc3 Ke7 39. Rd3 Ke6 40. Kg3 g5 41. Kf2 Rf4+ 42. Ke2 1-0

[Event "Quebec op U2000"]
[Site "Montreal CAN"]
[Date "2001.07.27"]
[Round "8"]
[White "Vezeau, Patrice"]
[Black "Chagnon, Francois"]
[Result "1-0"]
[WhiteElo "1831"]
[BlackElo "1486"]
[PlyCount "65"]
[GameId "2160767911563936"]
[EventDate "2001.07.21"]
[EventType "swiss"]
[EventRounds "9"]
[EventCountry "CAN"]
[SourceTitle "EXT 2022"]
[Source "ChessBase"]
[SourceDate "2021.10.06"]
[SourceVersion "1"]
[SourceVersionDate "2021.10.06"]
[SourceQuality "1"]

1. d4 Nf6 2. c4 e6 3. Nc3 b6 4. e4 Bb7 5. f3 h6 6. Bd3 d6 7. Be3 Nfd7 8. Nge2 c5 9. d5 Ne5 10. O-O Nxd3 11. Qxd3 e5 12. f4 Nd7 13. Ng3 g6 14. f5 g5 15. Qe2 Nf6 16. Nh5 Rg8 17. a3 a5 18. Rfb1 g4 19. Nxf6+ Qxf6 20. b4 axb4 21. Nb5 Qd8 22. axb4 Kd7 23. Qb2 Be7 24. bxc5 dxc5 25. Qxe5 Qb8 26. Qb2 g3 27. h3 Ba6 28. d6 Bg5 29. Bxg5 hxg5 30. e5 Re8 31. Nc7 Qb7 32. Rxa6 Rxa6 33. Qb5+ 1-0

[Event "Quebec op U2000"]
[Site "Montreal CAN"]
[Date "2001.07.27"]
[Round "8"]
[White "Villeneuve, Benoit"]
[Black "Morissette, Jean-Sebastien"]
[Result "1/2-1/2"]
[WhiteElo "1762"]
[BlackElo "1854"]
[PlyCount "80"]
[GameId "2160767911563937"]
[EventDate "2001.07.21"]
[EventType "swiss"]
[EventRounds "9"]
[EventCountry "CAN"]
[SourceTitle "EXT 2022"]
[Source "ChessBase"]
[SourceDate "2021.10.06"]
[SourceVersion "1"]
[SourceVersionDate "2021.10.06"]
[SourceQuality "1"]

1. e4 Nf6 2. Nc3 d5 3. exd5 Nxd5 4. Nxd5 Qxd5 5. Nf3 Nc6 6. Be2 e5 7. d3 Be7 8. O-O f6 9. Be3 Be6 10. c4 Qd7 11. d4 exd4 12. Nxd4 Nxd4 13. Qxd4 Qxd4 14. Bxd4 Rd8 15. Rfd1 Kf7 16. b3 b6 17. Bb2 Bd6 18. Bf3 Rhe8 19. g3 Bf5 20. Bd5+ Kg6 21. Re1 Bb4 22. Rxe8 Rxe8 23. h4 h5 24. a3 Bd6 25. Bf3 a5 26. Bc3 Bc2 27. b4 a4 28. Rc1 Bb3 29. Bb2 c5 30. b5 Be5 31. Bxe5 Rxe5 32. Kf1 f5 33. Bd5 Kf6 34. Rc3 g5 35. f4 gxf4 36. gxf4 Re7 37. Rg3 Rg7 38. Rxg7 Kxg7 39. Ke2 Kf6 40. Kd3 Bd1 1/2-1/2

[Event "Quebec op U2000"]
[Site "Montreal CAN"]
[Date "2001.07.28"]
[Round "9"]
[White "Chichkina, Olya"]
[Black "Cloutier, Mario"]
[Result "0-1"]
[WhiteElo "1901"]
[BlackElo "1984"]
[PlyCount "92"]
[GameId "2160767911563938"]
[EventDate "2001.07.21"]
[EventType "swiss"]
[EventRounds "9"]
[EventCountry "CAN"]
[SourceTitle "EXT 2022"]
[Source "ChessBase"]
[SourceDate "2021.10.06"]
[SourceVersion "1"]
[SourceVersionDate "2021.10.06"]
[SourceQuality "1"]

1. e4 e5 2. Nf3 Nc6 3. Bc4 Bc5 4. c3 Nf6 5. b4 Bb6 6. d3 d6 7. Bg5 h6 8. Be3 Ng4 9. Bxb6 axb6 10. Nbd2 O-O 11. O-O Be6 12. h3 Nf6 13. a3 Ne7 14. Qb3 Bxc4 15. Qxc4 Ng6 16. Kh2 Qd7 17. g3 c6 18. Rfe1 d5 19. exd5 cxd5 20. Qb3 Qf5 21. Re2 Qxd3 22. Rae1 Rfc8 23. Re3 Qf5 24. Kg2 Re8 25. R3e2 h5 26. Nf1 Rad8 27. Ne3 Qd7 28. Rd1 Qe6 29. Red2 Ne7 30. Ng5 Qc6 31. Nf3 Qc7 32. g4 hxg4 33. hxg4 Ng6 34. Rh1 Nf4+ 35. Kf1 Qc6 36. b5 Qc5 37. Rc2 Ne4 38. a4 Ng3+ 39. fxg3 Qxe3 40. gxf4 Qxf3+ 41. Kg1 exf4 42. Qb1 Qg3+ 43. Kf1 Qd3+ 44. Kg1 Re2 45. Rxe2 Qxb1+ 46. Kh2 Qd3 0-1

[Event "Quebec op U2000"]
[Site "Montreal CAN"]
[Date "2001.07.28"]
[Round "9"]
[White "Destree, Frederic"]
[Black "Robidas, Francois"]
[Result "1-0"]
[WhiteElo "1869"]
[BlackElo "1880"]
[PlyCount "91"]
[GameId "2160767911563939"]
[EventDate "2001.07.21"]
[EventType "swiss"]
[EventRounds "9"]
[EventCountry "CAN"]
[SourceTitle "EXT 2022"]
[Source "ChessBase"]
[SourceDate "2021.10.06"]
[SourceVersion "1"]
[SourceVersionDate "2021.10.06"]
[SourceQuality "1"]

1. e4 Nf6 2. e5 Nd5 3. d4 d6 4. c4 Nb6 5. Nc3 Nc6 6. Be3 Bf5 7. exd6 cxd6 8. Nf3 e6 9. Bd3 Bxd3 10. Qxd3 d5 11. cxd5 Nxd5 12. O-O Be7 13. Ne5 Rc8 14. Nxc6 Rxc6 15. Nxd5 Qxd5 16. Rfc1 Rxc1+ 17. Rxc1 O-O 18. Qc4 Qxc4 19. Rxc4 Bd6 20. h3 Rd8 21. Kf1 Kf8 22. Ke2 Ke7 23. Kd3 Kd7 24. a4 a6 25. a5 Rc8 26. Rxc8 Kxc8 27. Kc4 Kd7 28. d5 Bc7 29. b4 Bd6 30. Bc5 Kc7 31. dxe6 fxe6 32. Bxd6+ Kxd6 33. b5 axb5+ 34. Kxb5 Kc7 35. f4 g6 36. g4 Kd7 37. h4 Kc7 38. Kc5 Kd7 39. Kb6 Kc8 40. Kc5 Kc7 41. Kd4 Kd6 42. Ke4 Kd7 43. Ke5 h6 44. h5 g5 45. fxg5 hxg5 46. h6 1-0

[Event "Quebec op U2000"]
[Site "Montreal CAN"]
[Date "2001.07.28"]
[Round "9"]
[White "Dion, Jean-Francois"]
[Black "Vezeau, Patrice"]
[Result "0-1"]
[WhiteElo "1798"]
[BlackElo "1831"]
[PlyCount "62"]
[GameId "2160767911563940"]
[EventDate "2001.07.21"]
[EventType "swiss"]
[EventRounds "9"]
[EventCountry "CAN"]
[SourceTitle "EXT 2022"]
[Source "ChessBase"]
[SourceDate "2021.10.06"]
[SourceVersion "1"]
[SourceVersionDate "2021.10.06"]
[SourceQuality "1"]

1. d4 d5 2. Nf3 c6 3. Bf4 Qb6 4. Nbd2 Qxb2 5. e3 Nf6 6. c4 Bf5 7. Be2 e6 8. O-O Bc2 9. Qc1 Ba3 10. Qxb2 Bxb2 11. Rae1 Nbd7 12. Bd6 O-O-O 13. Ng5 Bg6 14. Rb1 Bc3 15. Nb3 dxc4 16. Rbc1 Bb2 17. Rb1 c3 18. Na5 Nb6 19. Be7 Rd7 20. Nxf7 Bxf7 21. Bxf6 gxf6 22. Bd3 Bg6 23. Bxg6 hxg6 24. Nb3 Nc4 25. h3 a5 26. a4 b6 27. Na1 Nd2 28. Nc2 Nxb1 29. Rxb1 b5 30. axb5 cxb5 31. Ne1 a4 0-1

[Event "Quebec op U2000"]
[Site "Montreal CAN"]
[Date "2001.07.28"]
[Round "9"]
[White "Dominique, Vladimir"]
[Black "Piche, Guy"]
[Result "1-0"]
[WhiteElo "1827"]
[BlackElo "1658"]
[PlyCount "65"]
[GameId "2160767911563941"]
[EventDate "2001.07.21"]
[EventType "swiss"]
[EventRounds "9"]
[EventCountry "CAN"]
[SourceTitle "EXT 2022"]
[Source "ChessBase"]
[SourceDate "2021.10.06"]
[SourceVersion "1"]
[SourceVersionDate "2021.10.06"]
[SourceQuality "1"]

1. e4 e5 2. f4 exf4 3. Nf3 d5 4. exd5 Qxd5 5. Nc3 Qe6+ 6. Be2 Bd6 7. O-O Ne7 8. d4 a6 9. Re1 Qd7 10. Bd3 h6 11. Ne4 O-O 12. Qe2 Nbc6 13. c3 b5 14. a4 b4 15. Bd2 a5 16. Rac1 bxc3 17. bxc3 Ng6 18. Rb1 Re8 19. Nf6+ gxf6 20. Qxe8+ Kg7 21. Bc4 Rb8 22. Rxb8 Nxb8 23. h4 Ne5 24. Qxd7 Nxf3+ 25. gxf3 Bxd7 26. Bb5 c6 27. Bd3 c5 28. Bb5 cxd4 29. cxd4 Bc7 30. Bxd7 Nxd7 31. Re7 Ne5 32. dxe5 Bxe5 33. Bxa5 1-0

[Event "Quebec op U2000"]
[Site "Montreal CAN"]
[Date "2001.07.28"]
[Round "9"]
[White "Gebhardt, David"]
[Black "Ramaswamy, Kishor"]
[Result "0-1"]
[WhiteElo "1851"]
[BlackElo "1847"]
[PlyCount "48"]
[GameId "2160767911563942"]
[EventDate "2001.07.21"]
[EventType "swiss"]
[EventRounds "9"]
[EventCountry "CAN"]
[SourceTitle "EXT 2022"]
[Source "ChessBase"]
[SourceDate "2021.10.06"]
[SourceVersion "1"]
[SourceVersionDate "2021.10.06"]
[SourceQuality "1"]

1. e4 c6 2. d4 d5 3. e5 Bf5 4. h4 h5 5. c4 dxc4 6. Bxc4 e6 7. Nc3 Nd7 8. Nge2 Ne7 9. Ng3 Bg6 10. Nce4 Bxe4 11. Nxe4 Nf5 12. g3 Nb6 13. Qd3 Nxc4 14. Qxc4 Nxd4 15. Be3 Nf3+ 16. Ke2 Nxe5 17. Qc3 Qd5 18. Nd2 Rd8 19. a3 Qb5+ 20. Kd1 Rd3 21. Qc2 Nc4 22. Kc1 Nxe3 23. fxe3 Rxe3 24. Rd1 Qc5 0-1

[Event "Quebec op U2000"]
[Site "Montreal CAN"]
[Date "2001.07.28"]
[Round "9"]
[White "Katch, Gary"]
[Black "Kayembe, Doris"]
[Result "0-1"]
[WhiteElo "1567"]
[BlackElo "1817"]
[PlyCount "68"]
[GameId "2160767911563943"]
[EventDate "2001.07.21"]
[EventType "swiss"]
[EventRounds "9"]
[EventCountry "CAN"]
[SourceTitle "EXT 2022"]
[Source "ChessBase"]
[SourceDate "2021.10.06"]
[SourceVersion "1"]
[SourceVersionDate "2021.10.06"]
[SourceQuality "1"]

1. e4 e6 2. d4 d5 3. Nd2 Nf6 4. e5 Nfd7 5. Bd3 c5 6. c3 Nc6 7. Ne2 Qb6 8. Nf3 cxd4 9. cxd4 Bb4+ 10. Bd2 f6 11. exf6 Nxf6 12. O-O O-O 13. Bc3 Bd7 14. Ne5 Bxc3 15. Nxd7 Nxd7 16. bxc3 e5 17. Rb1 Qc7 18. Qb3 Nb6 19. f3 Rfe8 20. Qc2 g6 21. Rbe1 Rac8 22. Qd2 Nc4 23. Bxc4 dxc4 24. Kh1 Red8 25. Qb2 exd4 26. cxd4 Ne7 27. Rc1 Nd5 28. Nc3 Qb6 29. Qf2 Nxc3 30. Rxc3 Qxd4 31. Qc2 b5 32. Rc1 b4 33. Rxc4 Qxc4 34. Qb3 Qxb3 0-1

[Event "Quebec op U2000"]
[Site "Montreal CAN"]
[Date "2001.07.28"]
[Round "9"]
[White "Leclair, Hugues"]
[Black "Miron, Francois"]
[Result "1/2-1/2"]
[WhiteElo "1782"]
[BlackElo "1899"]
[PlyCount "145"]
[GameId "2160767911563944"]
[EventDate "2001.07.21"]
[EventType "swiss"]
[EventRounds "9"]
[EventCountry "CAN"]
[SourceTitle "EXT 2022"]
[Source "ChessBase"]
[SourceDate "2021.10.06"]
[SourceVersion "1"]
[SourceVersionDate "2021.10.06"]
[SourceQuality "1"]

1. e4 c5 2. d4 cxd4 3. f4 Nc6 4. Nf3 Qb6 5. Bd3 d6 6. O-O e5 7. Nbd2 Be7 8. Nc4 Qc7 9. f5 Nf6 10. Qe1 b5 11. Ncd2 a6 12. h3 d5 13. exd5 Nxd5 14. Ne4 Bxf5 15. Nxe5 Bxe4 16. Nxc6 Bxd3 17. Nxe7 Qxe7 18. Qxe7+ Kxe7 19. cxd3 Rhe8 20. Bd2 Rac8 21. Rae1+ Kf8 22. Rc1 Rxc1 23. Rxc1 Re2 24. Rc2 Ke8 25. Kf1 Re6 26. Rc5 Ne3+ 27. Bxe3 Rxe3 28. Rd5 Rxd3 29. Ke2 Re3+ 30. Kf2 Re4 31. Kf3 Re1 32. Rxd4 Rb1 33. Rd2 Ke7 34. a3 Ke6 35. Ke2 Ke5 36. Ke3 f5 37. Kf3 g5 38. Ke3 h5 39. Kf3 a5 40. Ke3 Re1+ 41. Kf3 Re4 42. Kf2 Rd4 43. Rc2 Rc4 44. Re2+ Kd4 45. Rd2+ Ke4 46. Re2+ Kd3 47. Re3+ Kc2 48. Re5 Rf4+ 49. Kg1 b4 50. axb4 axb4 51. Re2+ Kd3 52. Re5 b3 53. g3 Re4 54. Rxf5 Re1+ 55. Kf2 Re2+ 56. Kf3 g4+ 57. hxg4 hxg4+ 58. Kxg4 Rxb2 59. Rf3+ Kc2 60. Kf5 Ra2 61. Rf2+ Kc3 62. Rf3+ Kc4 63. Rf4+ Kc5 64. Rf1 b2 65. Rb1 Kc4 66. g4 Kc3 67. g5 Ra1 68. Rxb2 Kxb2 69. g6 Kc3 70. g7 Rg1 71. Kf6 Kd4 72. Kf7 Rf1+ 73. Ke7 1/2-1/2

[Event "Quebec op U2000"]
[Site "Montreal CAN"]
[Date "2001.07.28"]
[Round "9"]
[White "Lezaic, Jovan"]
[Black "Desmarais, Emmanuel"]
[Result "1-0"]
[WhiteElo "1983"]
[BlackElo "1955"]
[PlyCount "75"]
[GameId "2160767911563945"]
[EventDate "2001.07.21"]
[EventType "swiss"]
[EventRounds "9"]
[EventCountry "CAN"]
[SourceTitle "EXT 2022"]
[Source "ChessBase"]
[SourceDate "2021.10.06"]
[SourceVersion "1"]
[SourceVersionDate "2021.10.06"]
[SourceQuality "1"]

1. d4 c6 2. e4 d5 3. Nd2 dxe4 4. Nxe4 Bf5 5. Ng3 Bg6 6. h4 h6 7. h5 Bh7 8. Bc4 Nf6 9. N1e2 e6 10. Bd3 Bxd3 11. Qxd3 Bd6 12. Bd2 Nbd7 13. O-O-O Qc7 14. Kb1 O-O-O 15. Ne4 Nxe4 16. Qxe4 Nf6 17. Qf3 Rhe8 18. Bxh6 gxh6 19. Qxf6 Bf8 20. Qf4 Qxf4 21. Nxf4 Rd7 22. c3 Red8 23. Kc2 c5 24. dxc5 Rxd1 25. Rxd1 Rxd1 26. Kxd1 Bxc5 27. Nd3 Bd6 28. c4 b6 29. Ke2 Kd7 30. g4 Ke7 31. f4 f5 32. gxf5 exf5 33. b4 Ke6 34. Ke3 a5 35. bxa5 bxa5 36. Kd4 Bc7 37. Kc5 Bd8 38. Kc6 1-0